000 00554nam a2200181 4500
001 144589
003 ES-MaACL
005 20250814063238.0
007 t|
008 070214s1955 sp r ||||1| spa d
100 1 _aSimenon, Georges,
_d1903-1989
_9106467
245 1 0 _aMaigret en Montmartre /
_cGeorges Simenon ; traducción de F. Cañameras.
260 _aBarcelona :
_bAlbor,
_c1955.
300 _a221 p. ;
_c15 cm.
700 1 _aCanyameres, Ferran,
_d1898-1964
_934731
852 _aES-MaACL
_jC-9366
_bR.37792
999 _c144589
_d144589